banner-ar

حضارة روما / (Record no. 44481)

MARC details
000 -الفاتح
حقل البيانات ثابتة الطول 00898nam a2200229Ia 4500
005 - وقت وتاريخ اخر تعامل مع التسجيلة
رقم الضبط 20240530104059.0
008 - عناصر البيانات ثابتة الطول - معلومات عامة
حقل البيانات ثابتة الطول 140319s9999 xx 000 0 ara d
040 ## - مصدر الفهرسة
وكالة الفهرسة الأصلية GCL /
وكالة النسخ GCL
082 04 - رقم تصنيف ديوى العشرى
رقم التصنيف 937.06
رقم المادة د ح
100 1# - المدخل الرئيسى - إسم شخصى
الإسم الشخصى دولى، دوفالد . ر .
245 10 - بيان العنوان
العنوان حضارة روما /
بيان المسئوليه,etc تاليف دولى، دوفالد . ر . ؛ ترجمة جميل يواقيم الذهبى ، فاروق فريد ؛ راجعه صقر خفاجة
260 ## - PUBLICATION, DISTRIBUTION, ETC. (IMPRINT)
تاريخ النشر أو التوزيع 1964
300 ## - الوصف المادى
التعداد 396 ص؛
أبعاد الوعاء 24 سم
650 04 - المدخل الاضافى بالموضوع-مصطلح موضوعى
مصطلح موضوعي الامبراطورية الرومانية
650 04 - المدخل الاضافى بالموضوع-مصطلح موضوعى
مصطلح موضوعي ايطاليا - تاريخ
650 04 - المدخل الاضافى بالموضوع-مصطلح موضوعى
مصطلح موضوعي عصر الاباطرة
700 1# - المدخل الاضافى - اسم شخصى
الإسم الشخصى جميل بواقيم الذهبى
الدور مترجم
700 1# - المدخل الاضافى - اسم شخصى
الإسم الشخصى فاروق فريد
الدور مترجم
700 1# - المدخل الاضافى - اسم شخصى
الإسم الشخصى صقر خفاجة
الدور مراجع
942 ## - عناصر المدخل الإضافي( كوها)
مصدر التصنيف او مخطط الترفيف Dewey Decimal Classification
Koha [default] item type كتاب
260 ## - PUBLICATION, DISTRIBUTION, ETC. (IMPRINT)
-- القاهرة :
-- دار نهضة مصر للطباعة والنشر ،
Holdings
حالة التراجع حالة الفقد حالة تلف ليس للاعارة المكان المؤقت الموقع الحالى تاريخ الاكتساب اجمالي اﻻعارات رقم الطلب الباركود تاريخ اخر مشاهدة تاريخ تفعيل السعر نوع وعاء كوها
        مكتبة القاهرة الكبرى مكتبة القاهرة الكبرى 03/26/2014   937.06\د ح 108510 03/26/2014 03/26/2014 كتاب
        مكتبة القاهرة الكبرى مكتبة القاهرة الكبرى 03/26/2014   937.06\د ح 108511 03/26/2014 03/26/2014 كتاب
        مكتبة القاهرة الكبرى مكتبة القاهرة الكبرى 03/26/2014   937.06\د ح 108512 03/26/2014 03/26/2014 كتاب
        مكتبة القاهرة الكبرى مكتبة القاهرة الكبرى 03/26/2014   937.06\د ح 108513 03/26/2014 03/26/2014 كتاب
        مكتبة القاهرة الكبرى مكتبة القاهرة الكبرى 03/26/2014   937.06\د ح 108514 03/26/2014 03/26/2014 كتاب

Powered By

EGPV